| 000 | 04217nam a22005537a 4500 | ||
|---|---|---|---|
| 001 | DVD-007756-764 | ||
| 005 | 20110824122624.0 | ||
| 006 | a|||||r|||||00| 0 | ||
| 007 | vd bvaizu | ||
| 008 | 091030s2008 ii 137 g vlhin | ||
| 010 | _aDVD-007756-764 | ||
| 024 |
_aDHIF1738S _c349.00 |
||
| 035 | _aDVD-007756-764 | ||
| 040 |
_aDLC _cDLC _dDLC _eamim |
||
| 082 | _aDVD / KHAN | ||
| 245 | 0 | 0 |
_aKhandan / _cProduced by Vasu Films, directed by A. Bhimsingh; music by Ravi |
| 257 | _aIndia. | ||
| 260 |
_aNew Delhi : _bMoser Baer Entertainment, _cp2010. |
||
| 300 |
_a1 videodisc of 1 (DVD) : _bsd., b&w ; _c4 3/4 in. _3viewing copy. |
||
| 440 |
_aNutan Six classic films: 1 _933466 |
||
| 500 | _aCopyright notice on container: Moser baer | ||
| 500 | _aOriginally released theatrically in 1965. | ||
| 500 | _aSummary taken from IMDB.com. | ||
| 508 | _aMusic ; Ravi | ||
| 511 | 1 | _aSunil Dutt, Nutan, Helan and Pran | |
| 520 | _aAfter the passing of Ramswaroop Lal, his two sons, Jeevandas and Shankar take over the control of their farmland. Jeevandas marries Bhagvanti and has no children, while Shankar marries Parvati and has two sons, Govind and Shyam. Due to an accident with an electric pole, Govind's right side gets paralyzed. Years later, Shyam has gone for further studies to the big city, while the only relatives of Bhagvanti, Navrangi Lal and his sister, Neelima, have moved in with the Lal family. When Shyam returns, he falls in love with Neelima, and then begin a series of misunderstandings and disagreements which result in the house being divided in two - with Jeevandas, Bhagvanti, Shyam, Navrangi, and Neelima on one side, and Govind, his wife, Radha, Shankar, and Parvati on the other. Navrangi borrows money from Bhagvanti and invests it in a Carnival, however, most of his earnings are stolen by two dancers... | ||
| 538 | _aNTSC all region | ||
| 546 | _aIn Hindi. with English Subtitles | ||
| 650 | 0 |
_aFamily _vDrama. _933467 |
|
| 650 | 0 |
_aMusical _vDrama. _933469 |
|
| 700 | 1 |
_aBhimsingh, A., _edirection. _933470 |
|
| 700 | 1 |
_aVasu, Ravi _eproduction. _933471 |
|
| 700 | 1 |
_aRavi _emusic. _933472 |
|
| 700 | 1 |
_aRajendra Kishan _eStory _933505 |
|
| 710 | 2 |
_aMoser Baer (New Delhi, India) _933473 |
|
| 856 | _uhttp://www.imdb.com/title/tt0059354/ | ||
| 942 |
_2ddc _cCF _hDVD _mKHAN |
||
| 999 |
_c55887 _d55887 |
||